000 00692nam a2200241Ia 4500
003 OSt
005 20220918205608.0
006 a|||||r|||| 00| 0
007 ta
008 220917b |||||||| |||| 00| 0 eng d
024 _a117,201
037 _cTextual
040 _aARTS
_cARTS
_beng
041 _2eng
_aeng
082 _aV71:1:L0, J3
100 _aKellogg Louise Phelps ed
_9115590
245 0 _aEarly narratives of the Northwest, 1634-1699
260 _c1953
490 _aOriginal narratives of early American history, ed by J Franklin Jameson; 16
650 _aHISTORY
942 _hV71:1:L0, J3
_cTEXL
_2CC
999 _c240489
_d240489